Técnicas participativas para la educación popular

Salvato in:
Dettagli Bibliografici
Autore principale: Vargas, Laura
Altri autori: Bustillos, Graciela
Natura: Libro
Pubblicazione: Madrid. Popular. (199?).
Edizione:3ª ed.
Soggetti:
Tags: Aggiungi Tag
Nessun Tag, puoi essere il primo ad aggiungerne!!

MARC

LEADER 00000nam a22000005a 4500
001 14916
003 CL-ChBUA
005 20120815103535.0
008 070301s sp 000 0 spa
020 |a 8478841938 
040 |a CL-ChBUA  |c CL-ChBUA 
082 0 0 |a 370.193 
090 |c 14916  |d 14916 
100 1 |a Vargas, Laura. 
245 1 0 |a Técnicas participativas para la educación popular 
250 |a 3ª ed. 
260 |b Popular.  |a Madrid.  |c (199?). 
300 |a 283 p.: il.  |b 283 p.: il.  |c 24 cm. 
504 |a Indice. 
650 4 |a EDUCACIÓN POPULAR. 
700 1 |a Bustillos, Graciela. 
942 |c LIB 
952 |0 0  |1 0  |4 0  |7 0  |9 20910  |a UNACH  |b UNACH  |c 300  |d 2007-03-05  |i 34.358.  |l 3  |m 1  |o 370.193 / V 297.  |p 21909  |r 2018-10-10 00:00:00  |s 2018-10-04  |u 20910  |w 2012-08-08  |y LIB  |k 370.193 / V 297. 
999 |c 14916  |d 14916